000 01254nam a22003497a 4500
003 CHAP
005 20220329135636.0
008 971013s1985 r 00010 d
010 _a39804
011 _a40776
035 _a44902
040 _cCHAP
082 _a333.917
_bN5
100 0 0 _aNiering, William A.
_981249
245 _aWetlands
_b: a comprehensive field guide, fully ilustrated with color photographs, to the trees, wildflowers, fishes, insects, birds, and other natural wonders of North Americ's rivers, lakes, and swamps
260 _aNew York :
_bAlfred A. Knopf,
_c1985
300 _a638 p.
_b: ilus.
490 _aThe Audubon Society Nature Guides
590 _aBATCH-UPD
_b10
_c20130110
_lUCH01
_h1228
590 _aBATCH-UPD
_b10
_c20130410
_lUCH01
_h0759
590 _aBATCH-UPD
_b10
_c20130914
_lUCH01
_h1416
590 _aCONVERSION
_b10
_c20130109
_lUCH01
_h1322
650 1 4 _aAves
_98590
650 1 4 _aFauna de agua dulce.
_939835
650 1 4 _aFlora costera.
_941318
650 1 4 _aPlantas acuáticas.
_988897
650 1 4 _aRegiones costeras.
_995668
830 0 _aThe Audubon Society Nature Guides
_9112624
901 _aBK
942 _cLIBRO
949 _a333.917 N5
_bBC
_cC
_d33724000507653
_eC
_gI.c/e
_h88303
_i44902
_si
_t20.00
999 _c39804
_d39804